LEADER 00875nam a2200205 i 4500 001 000000186087 003 CaOOAMICUS 005 20100219000000.0 008 100219s1915 it u000 u ita u 013 $a164133 040 $aSeMil$bita 245 10$aAnno 1910. 260 $aGiarre :$bP. Lisi,$c1915$e(Luogo di manifattura non identificato :$fDante Alighieri,$g1915) 300 $a268 p. ;$c21 cm. 773 0 $aLeroy, Hippolyte $tGesù Cristo, la sua vita ed il suo tempo.$dGiarre : P. Lisi, 1909.$gVol.16$w()22957 773 0 $aLeroy, Hippolyte $tGesù Cristo, la sua vita ed il suo tempo.$dGiarre : P. Lisi, 1913.$g4$w()22958 850 $aSeMil 852 $aSeMil$W1$xVenegono$y1$m2X II 62$j136774$B136774$CSeMilBibl$Z2$F148329 $81 996 $6245$aAnno 1910$9(OLS)http://semarc/title/214849 996 $6260$aGiarre :$bP. Lisi$9(OLS)http://semarc/publisher/35799 LEADER 01500nam a2200289 i 4500 001 000000193063 003 CaOOAMICUS 005 20250210142845.0 008 101011s2010 it u000 u ita u 020 $a978-88-89670-51-4 040 $aSeMil$bita 100 1 $aSilanos, Pietro.$0(OLS)http://semarc/name/70332 245 10$aGerardo Bianchi da Parma (m. 1302) :$bla biografia di un cardinale-legato duecentesco /$cPietro Silanos ; prefazione di Agostino Paravicini Bagliani. 264 1$aRoma :$bHerder,$c2010. 300 $aXXXVI, 512 p., [4] p. di tav. :$bill. ;$c25 cm. 490 1 $aItalia sacra : studi e documenti di storia ecclesiastica ;$v84 600 14$aBianchi : da Parma, Gerardo .$0(OLS)http://semarc/name/89582 830 0$aItalia sacra :$bstudi e documenti di storia ecclesiastica ;$v84.$0(OLS)http://semarc/title/159 850 $aSeMil 852 $aSeMil$W1$xVenegono$y1$m3TA I 84$j254394$B143637$CSeMilBibl$Z2$F155188 $81 961 $aSottoscrizione: Herder 996 $6020$a978-88-89670-51-4$9(OLS)http://semarc/number/184404 996 $6245$aGerardo Bianchi da Parma (m. 1302) :$bla biografia di un cardinale-legato duecentesco$9(OLS)http://semarc/title/278287 996 $6264$aRoma :$bHerder$9(OLS)http://semarc/publisher/29637